000
00216 a2200109 4500
020
_a
9789586773416
041
_a
spa
100
_a
Fabio RodriguezPaes
245
_a
El maletin de Santigo
942
_c
BK
952
_7
1
999
_c
24901
_d
24901